[Event "EU-ch 25th"]
[Site "Eforie Nord"]
[Date "2025.03.26"]
[Round "11"]
[White "Baum, Jonasz"]
[Black "Cheparinov, Ivan"]
[Result "0-1"]
[WhiteElo "2469"]
[BlackElo "2646"]
[PlyCount "128"]
[EventDate "2025.03.15"]
[EventType "swiss"]
[EventRounds "11"]
[EventCountry "ROU"]
[SourceTitle "CB13_2025"]
[SourceDate "2025.03.26"]
[SourceVersion "1"]
[SourceVersionDate "2025.03.26"]
[SourceQuality "1"]

1. c4 e6 2. g3 d5 3. Bg2 Nf6 4. Nf3 Be7 5. 0-0 0-0 6. d4 a5 7. Qc2 c6 8. Nbd2 b6 9. e4 Bb7 10. e5 Nfd7 11. cxd5 cxd5 12. Rd1 Nc6 13. Nf1 Rc8 14. Qb1 Ba6 15. Ne3 f6 16. exf6 Bxf6 17. Bf1 Bxf1 18. Kxf1 Qe8 19. Qd3 Qh5 20. Kg2 Be7 21. Qe2 Nf6 22. Ng1 Qg6 23. Nc2 Kh8 24. Be3 Ng4 25. Qd3 Qxd3 26. Rxd3 Nce5 27. Rc3 Nc4 28. Nf3 Nxb2 29. Rxc8 Rxc8 30. Nce1 Nxe3+ 31. fxe3 Rc3 32. Ne5 a4 33. Kf3 Bf6 34. Kf4 Bxe5+ 35. Kxe5 Rxe3+ 36. Kd6 Nc4+ 37. Kd7 g5 38. Nc2 Re2 39. Nb4 Kg7 40. Rf1 Nd2 41. Rc1 Nf3 42. Nc6 Re4 43. Rb1 Nxd4 44. Nxd4 Rxd4 45. Kxe6 Rd2 46. Kf5 Rxa2 47. Rxb6 Rxh2 48. Ra6 Rf2+ 49. Kxg5 Kf7 50. Rd6 h6+ 51. Kg4 a3 52. Rxd5 a2 53. Ra5 Ke6 54. Kh3 Kd6 55. g4 Kc6 56. Kg3 Rc2 57. Kf3 Kb6 58. Ra8 Kb5 59. Ke3 Kc4 60. Ra6 Kb5 61. Ra8 Kc4 62. Ra6 Rh2 63. Ra8 Kc3 64. Ra6 Rh3+ 0-1

[Event "EU-ch 25th"]
[Site "Eforie Nord"]
[Date "2025.03.24"]
[Round "9"]
[White "Ahmadzada, Ahmad Samir"]
[Black "Cheparinov, Ivan"]
[Result "1-0"]
[WhiteElo "2550"]
[BlackElo "2646"]
[PlyCount "197"]
[EventDate "2025.03.15"]
[EventType "swiss"]
[EventRounds "11"]
[EventCountry "ROU"]
[SourceTitle "CB13_2025"]
[SourceDate "2025.03.26"]
[SourceVersion "1"]
[SourceVersionDate "2025.03.26"]
[SourceQuality "1"]

1. e4 c5 2. c3 d5 3. exd5 Qxd5 4. d4 Nf6 5. Nf3 Nc6 6. Be2 cxd4 7. cxd4 e6 8. 0-0 Be7 9. Nc3 Qd6 10. Nb5 Qd8 11. Bf4 Nd5 12. Bg3 0-0 13. Rc1 Bd7 14. Nc3 Rc8 15. Nxd5 exd5 16. Qb3 Qb6 17. Qxb6 axb6 18. Rfd1 f6 19. Kf1 Ra8 20. a3 Rfc8 21. Rc3 Kf7 22. Rdc1 g5 23. Bb5 Ra5 24. Bd3 Raa8 25. Bxh7 g4 26. Nh4 Nxd4 27. Rxc8 Rxc8 28. Bg6+ Kf8 29. Rxc8+ Bxc8 30. Bc7 b5 31. Bb6 Nc6 32. Bf5 Bxf5 33. Nxf5 Ne5 34. Bd4 Nc6 35. Ke2 Kf7 36. Ke3 Bf8 37. Kf4 b4 38. axb4 Bxb4 39. Kxg4 Nxd4 40. Nxd4 Bc5 41. Nf5 Ke6 42. Kf4 Bxf2 43. g4 Bc5 44. h4 Kf7 45. h5 b6 46. b3 Kg8 47. Nh4 Kg7 48. Kf5 d4 49. Ke4 Kh6 50. Nf5+ Kg5 51. Nxd4 f5+ 52. Nxf5 Ba3 53. Kf3 Bb2 54. Nd6 Bc1 55. Ne4+ Kh4 56. Nc3 Bd2 57. Nb5 Bc1 58. Na7 Kg5 59. Kg3 Bf4+ 60. Kh3 Bc1 61. Nb5 Bd2 62. Nd4 Bc1 63. Ne2 Bd2 64. Ng3 Bc1 65. Ne4+ Kf4 66. Nd6 Kg5 67. Nf7+ Kf6 68. Nd8 Kg5 69. Kg3 Bf4+ 70. Kf3 Bc1 71. Ne6+ Kh4 72. Nf8 Kg5 73. Nh7+ Kh6 74. Nf6 Kg5 75. Nd5 b5 76. Kg3 Bd2 77. Kh3 b4 78. Kg3 Be1+ 79. Kf3 Bd2 80. Ne3 Bc1 81. Nc4 Kh4 82. Nd6 Kg5 83. Nf7+ Kf6 84. Nd8 Kg5 85. Nb7 Bd2 86. Nc5 Bc1 87. Kg3 Bf4+ 88. Kh3 Bc1 89. Nd3 Bd2 90. Kg3 Bc3 91. Nf2 Be5+ 92. Kf3 Bb2 93. Ne4+ Kh6 94. Kf4 Bc1+ 95. Kf5 Be3 96. g5+ Kxh5 97. Nf6+ Kh4 98. g6 Bh6 99. Ne8 1-0

[Event "EU-ch 25th"]
[Site "Eforie Nord"]
[Date "2025.03.23"]
[Round "8"]
[White "Cheparinov, Ivan"]
[Black "Sonis, Francesco"]
[Result "1/2-1/2"]
[WhiteElo "2646"]
[BlackElo "2570"]
[PlyCount "112"]
[EventDate "2025.03.15"]
[EventType "swiss"]
[EventRounds "11"]
[EventCountry "ROU"]
[SourceTitle "CB13_2025"]
[SourceDate "2025.03.26"]
[SourceVersion "1"]
[SourceVersionDate "2025.03.26"]
[SourceQuality "1"]

1. e4 e5 2. Nf3 Nc6 3. Bb5 a6 4. Ba4 Nf6 5. 0-0 Be7 6. Re1 b5 7. Bb3 d6 8. c3 0-0 9. h3 Bb7 10. d4 Re8 11. a3 Bf8 12. Ba2 h6 13. d5 Ne7 14. b3 Ng6 15. c4 c6 16. Nc3 Qd7 17. dxc6 Bxc6 18. Nd5 Nxd5 19. cxd5 Bb7 20. b4 Be7 21. Be3 a5 22. Bb3 Rec8 23. Qd2 Nh4 24. Nxh4 Bxh4 25. a4 Bd8 26. Reb1 axb4 27. Qxb4 Ra5 28. axb5 Qxb5 29. Qxb5 Rxb5 30. Ba4 Rxb1+ 31. Rxb1 Ba6 32. Bd7 Rc7 33. Bf5 Be7 34. Rb6 Bb7 35. Bg4 Kh7 36. Bd2 Ba8 37. Ra6 Rc2 38. Bb4 Rb2 39. Rxa8 Rxb4 40. Ra7 Bf6 41. Rxf7 Kg6 42. Rd7 Rxe4 43. Rxd6 h5 44. Bf3 Re1+ 45. Kh2 h4 46. g3 hxg3+ 47. Kxg3 Rg1+ 48. Kh2 Ra1 49. Rb6 Ra2 50. Kg3 Ra3 51. Rb4 Be7 52. Rc4 Rd3 53. Kg2 Rd4 54. Rc6+ Kf5 55. Rc7 Bf6 56. Bg4+ Kf4 1/2-1/2

[Event "EU-ch 25th"]
[Site "Eforie Nord"]
[Date "2025.03.16"]
[Round "2"]
[White "Cheparinov, Ivan"]
[Black "Kistrup, Nicolai"]
[Result "1-0"]
[WhiteElo "2646"]
[BlackElo "2356"]
[PlyCount "77"]
[EventDate "2025.03.15"]
[EventType "swiss"]
[EventRounds "11"]
[EventCountry "ROU"]
[SourceTitle "CB13_2025"]
[SourceDate "2025.03.26"]
[SourceVersion "1"]
[SourceVersionDate "2025.03.26"]
[SourceQuality "1"]

1. Nf3 Nf6 2. b3 d5 3. Bb2 Bf5 4. g3 e6 5. Bg2 Be7 6. d3 h6 7. 0-0 0-0 8. Nbd2 a5 9. a3 Bh7 10. Re1 Na6 11. e4 Re8 12. Ne5 c6 13. exd5 cxd5 14. Ndf3 Qb6 15. Bh3 Bc5 16. Re2 Nb8 17. Qd2 Nbd7 18. Qf4 Bd6 19. g4 Qd8 20. g5 hxg5 21. Qxg5 Nxe5 22. Nxe5 Bf8 23. Qf4 Qe7 24. Kh1 Nd7 25. Rg1 Qf6 26. Qg3 Nxe5 27. Bxe5 Qh6 28. a4 Rac8 29. Bg4 Qg5 30. h4 Qe7 31. Bh3 f6 32. Bb2 Qf7 33. Qf3 Kh8 34. Bg4 e5 35. Bxc8 Rxc8 36. Bxe5 Re8 37. Bxf6 Rxe2 38. Bxg7+ Qxg7 39. Rxg7 1-0

[Event "Wch Blitz"]
[Site "New York"]
[Date "2024.12.30"]
[Round "4"]
[White "Dudin, Gleb"]
[Black "Cheparinov, Ivan"]
[Result "1-0"]
[WhiteElo "2506"]
[BlackElo "2646"]
[PlyCount "77"]
[EventDate "2024.12.30"]
[EventType "swiss (blitz)"]
[EventRounds "13"]
[EventCountry "USA"]
[SourceTitle "CB01_2025"]
[SourceDate "2025.01.01"]
[SourceVersion "1"]
[SourceVersionDate "2025.01.01"]
[SourceQuality "1"]

1. d4 Nf6 2. c4 g6 3. Nc3 Bg7 4. e4 d6 5. Be2 0-0 6. Be3 c5 7. d5 e6 8. Nf3 exd5 9. cxd5 b5 10. e5 dxe5 11. Bxc5 Re8 12. Bxb5 Bd7 13. Be2 Bg4 14. 0-0 Nbd7 15. Be3 e4 16. Nd4 Bxe2 17. Qxe2 Nb6 18. Nc6 Qd7 19. Rfd1 Rac8 20. Rac1 Ng4 21. h3 Nxe3 22. Qxe3 Nc4 23. Qe2 Nd6 24. Nb5 e3 25. Nxd6 exf2+ 26. Qxf2 Qxd6 27. b4 Bh6 28. Rc3 Rc7 29. Kh1 Re4 30. b5 Rd7 31. Rf3 f5 32. Nxa7 Rde7 33. Nc6 Re8 34. b6 Re2 35. Qf1 Qd7 36. Rb3 Qb7 37. Na5 Qa6 38. b7 Rb8 39. Nc6 1-0

[Event "Wch Rapid"]
[Site "New York"]
[Date "2024.12.27"]
[Round "9"]
[White "Cheparinov, Ivan"]
[Black "Moroni, Luca Jr"]
[Result "1-0"]
[WhiteElo "2638"]
[BlackElo "2525"]
[PlyCount "59"]
[EventDate "2024.12.26"]
[EventType "swiss (rapid)"]
[EventRounds "13"]
[EventCountry "USA"]
[SourceTitle "CB01_2025"]
[SourceDate "2025.01.01"]
[SourceVersion "1"]
[SourceVersionDate "2025.01.01"]
[SourceQuality "1"]

1. e4 c5 2. Nf3 Nc6 3. Bb5 Qc7 4. 0-0 a6 5. Bxc6 dxc6 6. d3 e5 7. a4 a5 8. Na3 Ne7 9. Nc4 Ng6 10. b3 f6 11. Re1 Be6 12. Bd2 Be7 13. Bc3 0-0 14. Ne3 Rfd8 15. g3 Nf8 16. Nh4 g6 17. Qd2 b6 18. Kh1 Bc8 19. f4 exf4 20. gxf4 Qxf4 21. Nhg2 Qg5 22. Qf2 Ne6 23. Nf5 gxf5 24. exf5 Nd4 25. Rxe7 Bxf5 26. Rg1 Bg4 27. h3 Kf8 28. Rxh7 Qf5 29. Qh4 Kg8 30. Nf4 1-0

[Event "Wch Rapid"]
[Site "New York"]
[Date "2024.12.27"]
[Round "8"]
[White "Zemlyanskii, Ivan"]
[Black "Cheparinov, Ivan"]
[Result "0-1"]
[WhiteElo "2495"]
[BlackElo "2638"]
[PlyCount "80"]
[EventDate "2024.12.26"]
[EventType "swiss (rapid)"]
[EventRounds "13"]
[EventCountry "USA"]
[SourceTitle "CB01_2025"]
[SourceDate "2025.01.01"]
[SourceVersion "1"]
[SourceVersionDate "2025.01.01"]
[SourceQuality "1"]

1. e4 c6 2. d4 d5 3. e5 Bf5 4. c4 e6 5. Nc3 Bb4 6. cxd5 cxd5 7. h4 h6 8. g4 Bh7 9. h5 Nc6 10. Bd3 Be4 11. Bxe4 dxe4 12. Nge2 f6 13. Qb3 Qd5 14. 0-0 Qxb3 15. axb3 fxe5 16. d5 Nd4 17. Nxd4 exd4 18. Nb5 Ke7 19. dxe6 d3 20. Nc7 Nf6 21. Nxa8 Rxa8 22. Be3 Nxg4 23. Bxa7 Kxe6 24. Ra4 Nf6 25. Be3 Rxa4 26. bxa4 Nd5 27. Bd4 Kf5 28. Bxg7 Kg5 29. Bd4 Kxh5 30. Rc1 Kg4 31. Kg2 Nf4+ 32. Kf1 h5 33. Be3 Nd5 34. Rc4 Kf3 35. Bg5 e3 36. Bxe3 Nxe3+ 37. fxe3 d2 38. Rd4 Kxe3 39. Rd8 Bc5 40. Re8+ Kd3 0-1

[Event "Wch Rapid"]
[Site "New York"]
[Date "2024.12.26"]
[Round "1"]
[White "Cheparinov, Ivan"]
[Black "Lodici, Lorenzo"]
[Result "1/2-1/2"]
[WhiteElo "2638"]
[BlackElo "2450"]
[PlyCount "115"]
[EventDate "2024.12.26"]
[EventType "swiss (rapid)"]
[EventRounds "13"]
[EventCountry "USA"]
[SourceTitle "CB01_2025"]
[SourceDate "2025.01.01"]
[SourceVersion "1"]
[SourceVersionDate "2025.01.01"]
[SourceQuality "1"]

1. Nf3 d5 2. g3 Bg4 3. Bg2 c6 4. c4 e6 5. 0-0 Bxf3 6. Bxf3 dxc4 7. Na3 Bxa3 8. bxa3 b5 9. a4 a6 10. Rb1 Ne7 11. Qc2 0-0 12. Ba3 Re8 13. Rfd1 Nd5 14. d3 cxd3 15. Rxd3 Nd7 16. e4 N5b6 17. Qxc6 Qc8 18. axb5 Ne5 19. Qxc8 Rexc8 20. Rdb3 axb5 21. Bg2 Nbc4 22. Bc1 Nc6 23. Rxb5 Nd4 24. R5b4 Ne2+ 25. Kh1 Nc3 26. e5 Nxb1 27. Bxa8 Nxe5 28. Bf4 Nd3 29. Rb8 Rxb8 30. Bxb8 Na3 31. Kg2 Nc1 32. Bd6 Nc4 33. Bc5 Nxa2 34. Bc6 Nc3 35. Bd4 Nd5 36. f4 f5 37. Bb5 Nd6 38. Bd3 Kf7 39. Kf3 Nf6 40. Bc5 Nde4 41. Bd4 h6 42. h3 h5 43. Be3 Ke7 44. Bc1 Kd6 45. Bc4 Nd5 46. Ba3+ Kc6 47. Bd3 Nc5 48. Bc4 Nd7 49. Bb2 g6 50. Bd4 Kd6 51. g4 Ne7 52. gxh5 gxh5 53. Kg3 Ng6 54. h4 e5 55. fxe5+ Ndxe5 56. Bxe5+ Kxe5 57. Be2 f4+ 58. Kh3 1/2-1/2

[Event "EU-ch 24th"]
[Site "Petrovac"]
[Date "2024.11.19"]
[Round "11"]
[White "Cheparinov, Ivan"]
[Black "Chigaev, Maksim"]
[Result "1/2-1/2"]
[WhiteElo "2632"]
[BlackElo "2605"]
[PlyCount "97"]
[EventDate "2024.11.08"]
[EventType "swiss"]
[EventRounds "11"]
[EventCountry "MNE"]
[SourceTitle "CB47_2024"]
[SourceDate "2024.11.20"]
[SourceVersion "1"]
[SourceVersionDate "2024.11.20"]
[SourceQuality "1"]

1. d4 Nf6 2. c4 g6 3. Nc3 Bg7 4. e4 d6 5. Nf3 0-0 6. Be2 e5 7. 0-0 exd4 8. Nxd4 Re8 9. f3 c6 10. Nc2 Na6 11. Kh1 Nc7 12. Bg5 h6 13. Bh4 a6 14. Bg3 d5 15. cxd5 cxd5 16. e5 Nh5 17. f4 Nxg3+ 18. hxg3 f6 19. Bd3 d4 20. Ne2 fxe5 21. Bxg6 Bg4 22. Qd3 e4 23. Bxe4 Rxe4 24. Qxe4 d3 25. Ng1 dxc2 26. Qxc2 Qd5 27. Nf3 Nb5 28. Ne5 Nd4 29. Qd2 Bxe5 30. fxe5 Qxe5 31. Qxh6 Nf5 32. Qg5+ Kh7 33. Kg1 Rg8 34. Qf4 Qxf4 35. Rxf4 Kh6 36. Re1 Nxg3 37. Kf2 Nh5 38. Rf7 b5 39. Re4 Rg6 40. Ra7 Bf5 41. Rd4 Rf6 42. Ke3 Re6+ 43. Kf3 Nf6 44. g4 Bxg4+ 45. Rxg4 Nxg4 46. Kxg4 Re4+ 47. Kf5 Ra4 48. a3 b4 49. Ke4 1/2-1/2

[Event "EU-ch 24th"]
[Site "Petrovac"]
[Date "2024.11.18"]
[Round "10"]
[White "Gumularz, Szymon"]
[Black "Cheparinov, Ivan"]
[Result "0-1"]
[WhiteElo "2579"]
[BlackElo "2632"]
[PlyCount "110"]
[EventDate "2024.11.08"]
[EventType "swiss"]
[EventRounds "11"]
[EventCountry "MNE"]
[SourceTitle "CB47_2024"]
[SourceDate "2024.11.20"]
[SourceVersion "1"]
[SourceVersionDate "2024.11.20"]
[SourceQuality "1"]

1. d4 Nf6 2. c4 e6 3. g3 c5 4. d5 exd5 5. cxd5 d6 6. Nc3 g6 7. Bg2 Bg7 8. Nf3 0-0 9. 0-0 Re8 10. Re1 a6 11. a4 Nbd7 12. Bf4 Ng4 13. a5 Qc7 14. h3 Nge5 15. Ne4 h6 16. Qa4 Rf8 17. h4 b5 18. Qc2 Bb7 19. Nxe5 Nxe5 20. b4 c4 21. Rad1 Rae8 22. Bc1 Bc8 23. Nc3 Bf5 24. Qd2 Qa7 25. Bb2 Ng4 26. Rf1 h5 27. e4 Bc8 28. Ne2 Ne5 29. Bd4 Qe7 30. Qc3 Bh6 31. Kh1 Kh7 32. f4 Ng4 33. Ng1 f6 34. Nh3 Rf7 35. f5 gxf5 36. exf5 Qf8 37. Nf4 Bxf4 38. Rxf4 Ne5 39. Be4 Bb7 40. Kg1 Rfe7 41. Bf2 Qf7 42. Qd4 Rc8 43. Rc1 Ng4 44. Be1 Re5 45. Bc3 Bxd5 46. Rd1 Bxe4 47. Rxe4 Rxe4 48. Qxe4 Re8 49. Qf4 Qa7+ 50. Qd4 Qxd4+ 51. Bxd4 Re2 52. Kf1 Re4 53. Rd2 Kg7 54. Kg2 Kf7 55. Kf3 c3 0-1

[Event "EU-ch 24th"]
[Site "Petrovac"]
[Date "2024.11.16"]
[Round "8"]
[White "Samunenkov, Igor"]
[Black "Cheparinov, Ivan"]
[Result "0-1"]
[WhiteElo "2523"]
[BlackElo "2632"]
[PlyCount "72"]
[EventDate "2024.11.08"]
[EventType "swiss"]
[EventRounds "11"]
[EventCountry "MNE"]
[SourceTitle "CB47_2024"]
[SourceDate "2024.11.20"]
[SourceVersion "1"]
[SourceVersionDate "2024.11.20"]
[SourceQuality "1"]

1. d4 Nf6 2. c4 e6 3. Nc3 Bb4 4. e3 0-0 5. Bd3 d5 6. a3 dxc4 7. Bxc4 Bd6 8. Nf3 Nc6 9. e4 e5 10. d5 Ne7 11. 0-0 h6 12. h3 Bd7 13. Qb3 Rb8 14. a4 a6 15. Be3 b5 16. axb5 axb5 17. Bd3 b4 18. Na4 Nexd5 19. exd5 e4 20. Be2 exf3 21. Bxf3 Qe7 22. Bd4 Rfe8 23. Qe3 Qf8 24. Qc1 Bb5 25. Re1 Rxe1+ 26. Qxe1 Re8 27. Qd1 Qe7 28. b3 Ne4 29. Bg4 Qg5 30. Be3 Qe5 31. f4 Qf6 32. Qc1 Ng3 33. Ra2 h5 34. Bf3 Nf1 35. Be2 Nxe3 36. Bxb5 Qxf4 0-1

[Event "EU-ch 24th"]
[Site "Petrovac"]
[Date "2024.11.15"]
[Round "7"]
[White "Cheparinov, Ivan"]
[Black "Petrosyan, Manuel"]
[Result "1/2-1/2"]
[WhiteElo "2632"]
[BlackElo "2612"]
[PlyCount "75"]
[EventDate "2024.11.08"]
[EventType "swiss"]
[EventRounds "11"]
[EventCountry "MNE"]
[SourceTitle "CB47_2024"]
[SourceDate "2024.11.20"]
[SourceVersion "1"]
[SourceVersionDate "2024.11.20"]
[SourceQuality "1"]

1. e4 e5 2. Nf3 Nc6 3. Bc4 Bc5 4. c3 Nf6 5. d3 d6 6. Bg5 h6 7. Bh4 a6 8. Nbd2 Ba7 9. 0-0 Qe7 10. b4 g5 11. Bg3 Nh7 12. a4 Nf8 13. Kh1 h5 14. h4 g4 15. Nh2 Ng6 16. b5 Na5 17. Bd5 c6 18. Ba2 Nxh4 19. f4 Nxg2 20. fxe5 Ne3 21. exd6 h4 22. Rxf7 Qd8 23. Qg1 hxg3 24. Qxg3 Qh4 25. Qe5+ Kd8 26. Raf1 Nxf1 27. Ndxf1 g3 28. d4 Re8 29. Qg7 Bb8 30. e5 gxh2 31. Ne3 Bh3 32. Rf8 Bxd6 33. Rxe8+ Kxe8 34. Qg6+ Kd8 35. Qxd6+ Ke8 36. Qg6+ Kd8 37. Qd6+ Ke8 38. Qg6+ 1/2-1/2

[Event "CRO-chT1A 32nd"]
[Site "Veli Losinj"]
[Date "2024.10.05"]
[Round "1.2"]
[White "Movsesian, Sergei"]
[Black "Cheparinov, Ivan"]
[Result "1/2-1/2"]
[WhiteElo "2616"]
[BlackElo "2634"]
[PlyCount "105"]
[EventDate "2024.10.05"]
[EventType "team-tourn"]
[EventRounds "9"]
[EventCountry "CRO"]
[SourceTitle "CB47_2024"]
[SourceDate "2024.11.20"]
[SourceVersion "1"]
[SourceVersionDate "2024.11.20"]
[SourceQuality "1"]
[WhiteTeam "Kastel Novi"]
[BlackTeam "Solin Cemex"]
[WhiteTeamCountry "CRO"]
[BlackTeamCountry "CRO"]

1. e4 c6 2. Nf3 d5 3. Nc3 dxe4 4. Nxe4 Nf6 5. Qe2 Nxe4 6. Qxe4 Nd7 7. Bc4 Nf6 8. Ne5 e6 9. Qf4 b5 10. Bb3 c5 11. Qf3 Qc7 12. Qxa8 Qxe5+ 13. Kf1 Qc7 14. d3 Bd6 15. Qf3 Bb7 16. Qe2 h5 17. a4 h4 18. axb5 h3 19. f3 Bxh2 20. g3 Nh5 21. Qxh2 Nxg3+ 22. Kg1 c4 23. Be3 cxb3 24. Bf2 bxc2 25. Qxg3 c1Q+ 26. Rxc1 Qxc1+ 27. Kh2 Qc2 28. Qb8+ Bc8 29. Qxa7 Rh5 30. Rg1 Qxb2 31. Rg4 Rxb5 32. Rh4 g6 33. Rxh3 Bb7 34. Kg2 Rg5+ 35. Rg3 Rf5 36. Rh3 Rg5+ 37. Rg3 Rf5 38. Rh3 Kd7 39. Qa4+ Bc6 40. Qa7+ Bb7 41. Qa4+ Qb5 42. Qd4+ Qd5 43. Qa4+ Qb5 44. Qd4+ Rd5 45. Qf4 Rg5+ 46. Bg3 Qb2+ 47. Kf1 Qb1+ 48. Kg2 Qc2+ 49. Kg1 Qb1+ 50. Kg2 Qb2+ 51. Kf1 Qa1+ 52. Kg2 Qa2+ 53. Kf1 1/2-1/2

[Event "Olympiad-45"]
[Site "Budapest"]
[Date "2024.09.12"]
[Round "2.24"]
[White "Ashiku, Franc"]
[Black "Cheparinov, Ivan"]
[Result "0-1"]
[WhiteElo "2400"]
[BlackElo "2628"]
[PlyCount "58"]
[EventDate "2024.09.11"]
[EventType "team-swiss"]
[EventRounds "11"]
[EventCountry "HUN"]
[SourceTitle "EXT 2025"]
[Source "ChessBase"]
[SourceDate "2024.10.14"]
[SourceVersion "1"]
[SourceVersionDate "2024.10.14"]
[SourceQuality "1"]
[WhiteTeam "Albania"]
[BlackTeam "Bulgaria"]
[WhiteTeamCountry "ALB"]
[BlackTeamCountry "BUL"]

1. d4 Nf6 2. Nf3 e6 3. Bf4 d5 4. e3 c5 5. c3 Nc6 6. Nbd2 Be7 7. h3 Bd6 8. dxc5 Bxc5 9. Bd3 Bd6 10. Bxd6 Qxd6 11. Qc2 0-0 12. e4 h6 13. 0-0-0 b6 14. Rhe1 Qc7 15. Kb1 Bb7 16. g3 Rfd8 17. exd5 Nxd5 18. Nb3 Nf6 19. Qe2 a6 20. Bc2 Rac8 21. Rxd8+ Rxd8 22. Nfd4 b5 23. f4 Nxd4 24. cxd4 Bd5 25. Nc5 Qa5 26. Bb3 Qb4 27. Bxd5 Nxd5 28. Nxa6 Qxd4 29. f5 Qb6 0-1

[Event "TUR-chT"]
[Site "Ankara"]
[Date "2024.07.24"]
[Round "13.31"]
[White "Cheparinov, Ivan"]
[Black "Maghsoodloo, Parham"]
[Result "1/2-1/2"]
[WhiteElo "2638"]
[BlackElo "2725"]
[PlyCount "60"]
[EventDate "2024.07.14"]
[EventType "team-tourn"]
[EventRounds "15"]
[EventCountry "TUR"]
[SourceTitle "EXT 2025"]
[Source "ChessBase"]
[SourceDate "2024.10.14"]
[SourceVersion "1"]
[SourceVersionDate "2024.10.14"]
[SourceQuality "1"]
[WhiteTeam "Hufeder Fenerbahce"]
[BlackTeam "Turk Hava Yollari"]
[WhiteTeamCountry "TUR"]
[BlackTeamCountry "TUR"]

1. e4 c5 2. Nf3 e6 3. d4 cxd4 4. Nxd4 a6 5. c4 Nf6 6. Nc3 Bb4 7. Qd3 d6 8. Nc2 Bxc3+ 9. Qxc3 0-0 10. f3 d5 11. e5 Nfd7 12. cxd5 Nb6 13. d6 Nd5 14. Qd2 Nc6 15. f4 f6 16. Bc4 fxe5 17. Bxd5 exd5 18. Qxd5+ Kh8 19. 0-0 Rf6 20. Qc5 Qxd6 21. Qxd6 Rxd6 22. fxe5 Rd8 23. Bg5 Re8 24. Bd2 Be6 25. Bc3 Rad8 26. Rfe1 Kg8 27. a3 h6 28. Rac1 Re7 29. h3 Red7 30. Kh2 Kh7 1/2-1/2

[Event "TUR-chT"]
[Site "Ankara"]
[Date "2024.07.21"]
[Round "10.7"]
[White "Karthik, Venkataraman"]
[Black "Cheparinov, Ivan"]
[Result "1-0"]
[WhiteElo "2581"]
[BlackElo "2638"]
[PlyCount "75"]
[EventDate "2024.07.14"]
[EventType "team-tourn"]
[EventRounds "15"]
[EventCountry "TUR"]
[SourceTitle "EXT 2025"]
[Source "ChessBase"]
[SourceDate "2024.10.14"]
[SourceVersion "1"]
[SourceVersionDate "2024.10.14"]
[SourceQuality "1"]
[WhiteTeam "Tas Duvar"]
[BlackTeam "Hufeder Fenerbahce"]
[WhiteTeamCountry "TUR"]
[BlackTeamCountry "TUR"]

1. e4 e5 2. Nf3 Nc6 3. Bc4 Nf6 4. d3 Bc5 5. Nc3 h6 6. a3 a6 7. Be3 d6 8. Bxc5 dxc5 9. Nd5 Nxd5 10. Bxd5 Ne7 11. Bb3 Ng6 12. g3 Qf6 13. Nd2 h5 14. Qe2 Be6 15. Ba4+ Kf8 16. h4 Kg8 17. 0-0-0 Rd8 18. Qe3 b6 19. Rdf1 Nf8 20. f4 exf4 21. gxf4 Qd4 22. Qxd4 Rxd4 23. f5 Rxa4 24. fxe6 Nxe6 25. Nc4 b5 26. b3 bxc4 27. bxa4 cxd3 28. cxd3 Rh6 29. Kb2 c4 30. dxc4 Nc5 31. Rf5 Nxe4 32. Re1 Re6 33. Rf4 Rb6+ 34. Kc2 Nd6 35. Re5 Rc6 36. Kc3 g6 37. a5 Nf5 38. Kb4 1-0

[Event "TUR-chT"]
[Site "Ankara"]
[Date "2024.07.15"]
[Round "2.19"]
[White "Cheparinov, Ivan"]
[Black "Abasov, Nijat Azad"]
[Result "1-0"]
[WhiteElo "2638"]
[BlackElo "2621"]
[PlyCount "77"]
[EventDate "2024.07.14"]
[EventType "team-tourn"]
[EventRounds "15"]
[EventCountry "TUR"]
[SourceTitle "EXT 2025"]
[Source "ChessBase"]
[SourceDate "2024.10.14"]
[SourceVersion "1"]
[SourceVersionDate "2024.10.14"]
[SourceQuality "1"]
[WhiteTeam "Hufeder Fenerbahce"]
[BlackTeam "Darassufaka Spor"]
[WhiteTeamCountry "TUR"]
[BlackTeamCountry "TUR"]

1. d4 Nf6 2. c4 e6 3. Nf3 d5 4. e3 Nbd7 5. b3 b6 6. Bb2 Bb7 7. Bd3 Bd6 8. Nc3 0-0 9. 0-0 a6 10. Rc1 Qe7 11. a4 Ne4 12. a5 f5 13. Ne2 Rac8 14. Nf4 Bb4 15. axb6 cxb6 16. Qe2 a5 17. cxd5 exd5 18. Ba6 Ndf6 19. h3 Bxa6 20. Qxa6 Rxc1 21. Rxc1 g5 22. Nd3 g4 23. Nfe5 gxh3 24. gxh3 Qg7+ 25. Kf1 Qh6 26. Nf4 Nh5 27. Nxd5 Nhg3+ 28. Kg2 Nxf2 29. Kxg3 Qxh3+ 30. Kxf2 Qh2+ 31. Kf3 Qh3+ 32. Kf2 Qh2+ 33. Kf3 Qh3+ 34. Ke2 Qg2+ 35. Kd3 Qxb2 36. Rg1+ Kh8 37. Nxb4 Qxb3+ 38. Ke2 Qxb4 39. Qb7 1-0